Project management :a financial perspective. / (Record no. 768)

MARC details
000 -LEADER
fixed length control field 01331cam a22003137a 4500
001 - CONTROL NUMBER
control field 16514606
005 - DATE AND TIME OF LATEST TRANSACTION
control field 20210414113930.0
008 - FIXED-LENGTH DATA ELEMENTS--GENERAL INFORMATION
fixed length control field 101011s2010 enka 001 0 eng
010 ## - LIBRARY OF CONGRESS CONTROL NUMBER
LC control number 2010530796
015 ## - NATIONAL BIBLIOGRAPHY NUMBER
National bibliography number GBB0A8687
Source bnb
016 7# - NATIONAL BIBLIOGRAPHIC AGENCY CONTROL NUMBER
Record control number 015645301
Source Uk
020 ## - INTERNATIONAL STANDARD BOOK NUMBER
International Standard Book Number 9781906403577 (pbk.)
020 ## - INTERNATIONAL STANDARD BOOK NUMBER
International Standard Book Number 1906403570 (pbk.)
035 ## - SYSTEM CONTROL NUMBER
System control number (OCoLC)ocn663447717
040 ## - CATALOGING SOURCE
Original cataloging agency UKM
Transcribing agency UKM
Modifying agency CDX
-- DLC
042 ## - AUTHENTICATION CODE
Authentication code lccopycat
050 00 - LIBRARY OF CONGRESS CALL NUMBER
Classification number HD69.P75 S533
Item number
082 04 - DEWEY DECIMAL CLASSIFICATION NUMBER
Classification number 658.404
Edition number 22
100 1# - MAIN ENTRY--PERSONAL NAME
Personal name Shim, Jae K.
245 10 - TITLE STATEMENT
Title Project management :a financial perspective. /
Statement of responsibility, etc. Jae K. Shim.
260 ## - PUBLICATION, DISTRIBUTION, ETC.
Place of publication, distribution, etc. Cranbrook :
Name of publisher, distributor, etc. Global Professional,
Date of publication, distribution, etc. 2010.
300 ## - PHYSICAL DESCRIPTION
Extent vii, 185 p.:
Other physical details ill.;
Dimensions 24cm.
500 ## - GENERAL NOTE
General note Includes index.
505 ## - FORMATTED CONTENTS NOTE
Formatted contents note Contents: Overview of project management -- Planning and controlling projects -- Project management concepts and process -- Using the work breakdown structure to plan a project -- Project control using earned value analysis -- Life-cycle costing and target costing -- Economic feasibility study for a capital investment project -- Managing project risk -- Project communication and documentation.
650 #0 - SUBJECT ADDED ENTRY--TOPICAL TERM
Topical term or geographic name entry element Project management
General subdivision Finance.
906 ## - LOCAL DATA ELEMENT F, LDF (RLIN)
a 7
b cbc
c copycat
d 2
e ncip
f 20
g y-gencatlg
942 ## - ADDED ENTRY ELEMENTS (KOHA)
Source of classification or shelving scheme Library of Congress Classification
Koha item type Books
Holdings
Withdrawn status Lost status Source of classification or shelving scheme Damaged status Not for loan Home library Current library Shelving location Date acquired Total Checkouts Full call number Barcode Date last seen Copy number Price effective from Koha item type
    Library of Congress Classification     WISCONSIN INTERNATIONAL UNIVERSITY COLLEGE, GHANA - MAIN LIBRARY WISCONSIN INTERNATIONAL UNIVERSITY COLLEGE, GHANA - MAIN LIBRARY General Stacks 25/04/2012   HD69.P75S533 1834/12 25/04/2012 1 25/04/2012 Books

If you have any concerns or questions; kindly contact the library


© Powered by WIUC ICT DIRECTORATE